00373nam a2200121Ia 4500003000400000005001700004008004100021040001800062041000800080100004100088245008900129260003300218OSt20260130150910.0211028s2018 xx 000 0 und d cAIMIT LIBRARY aeng aShet, Trupti B; Harinakshi.g1616208 aStudy on the effectiveness of recruitment and selection process at grand Hyatt Goa / aMangalorebHarinakshi.c2018